Five Letter Geography - I - Statistics

General Stats
  • This quiz has been taken 76 times
    11 since last reset
  • The average score is 7 of 10
Answer Stats
Hint Answer % Correct
Most populated country in the world India
100%
Someone from Ireland Irish
100%
Country surrounding San Marino Italy
100%
Major river in Pakistan Indus
73%
Indigenous people of the Arctic regions Inuit
73%
Empire on the west coast of South America Incan
64%
One of the Balearic Islands Ibiza
55%
A small, narrow arm of a sea, lake, or river Inlet
45%
An Italian city famous for its racing circuit Imola
36%
Second largest city of Jordan Irbid
9%
No matching quizzes found
Score Distribution
Percent of People with Each Score
Percentile by Number Answered
Your Score History
You have not taken this quiz since the last reset